000 00656nam a2200241Ia 4500
003 OSt
005 20221007080630.0
006 a|||||r|||| 00| 0
007 ta
008 221006b |||||||| |||| 00| 0 eng d
024 _a27,829
037 _cReports / Technical Reports
040 _aFLL
_cFLL
_beng
041 _2eng
_aeng
082 _aZ73,211, L4
100 _aKratovil Robert
_9695107
245 0 _aReal estate law
250 _a6th
260 _aNew Jersey
_b Prentice- Hall , Inc.
_c1974
300 _aix,479p
_ccm.
942 _hZ73,211, L4
_cREP
_2CC
999 _c1160359
_d1160359